000 00381nam a2200121Ia 4500
008 220204s9999 xx 000 0 und d
082 _a575:633.9(058)
_bBET
100 _aBetencourt, E
245 0 _aDirectory of germplasm collections V 5. Part II. Industrial crops (Beet, coffe, oil palm, cotton and rubber).
260 _aRome
_bIBPGR
_c1988
700 _aKonopka, J
942 _cBK
999 _c43809
_d43809